| 000 | 00850na a2200217 4500 | ||
|---|---|---|---|
| 001 | 21822 | ||
| 003 | MIRAKIL | ||
| 005 | 20181213155054.0 | ||
| 008 | 170208b tu 000 0 | ||
| 040 |
_aMilas _btur _cTR-AnCHP |
||
| 041 | _atur | ||
| 082 |
_a351.7222 _bM24i 2008 |
||
| 090 | _a351.7222 M24i 2008 | ||
| 110 | _aMaliye Bakanlığı | ||
| 245 | _a2008 mali yılı merkezi yönetim bütçe kanunu tasarısı ile 2006 mali yılı merkezi yönetim kesinhesap kanunu tasarısının plan ve bütçe komisyonu görüşme tutanakları | ||
| 260 |
_a[Ankara] _b[yayl. y.] _c2007 |
||
| 300 |
_a86 s. _c23 sm. |
||
| 505 | _aMaliye Bakanlığı, Gelir İdaresi Başkanlığı, Kamu İhale Kurumu, Özelleştirme İdaresi Başkanlığı, Gelir Bütçesi | ||
| 610 |
_aMaliye Bakanlığı _xBütçe Komisyonu _yTutanaklar, 2008 |
||
| 942 |
_2ddc _cBKS |
||
| 999 |
_c6027 _d6027 |
||